The structure of fluid milk markets; (Record no. 12510)
[ view plain ]
| 000 -LEADER | |
|---|---|
| fixed length control field | 01352nam a2200265 4500 |
| 001 - CONTROL NUMBER | |
| control field | agr68000206 |
| 003 - CONTROL NUMBER IDENTIFIER | |
| control field | DLC |
| 005 - DATE AND TIME OF LATEST TRANSACTION | |
| control field | 20260227111030.0 |
| 008 - FIXED-LENGTH DATA ELEMENTS--GENERAL INFORMATION | |
| fixed length control field | 691028s1968 dcua b 000 0 eng c |
| 010 ## - LIBRARY OF CONGRESS CONTROL NUMBER | |
| LC control number | agr68000206 |
| 040 ## - CATALOGING SOURCE | |
| Original cataloging agency | U.S. Nat'l Agr. Libr. |
| Transcribing agency | DLC |
| Modifying agency | DLC |
| 050 10 - LIBRARY OF CONGRESS CALL NUMBER | |
| Classification number | HD1751 |
| Item number | .A91854 no. 137 |
| 070 0# - NATIONAL AGRICULTURAL LIBRARY CALL NUMBER | |
| Classification number | A281.9 Ag8A no. 137 |
| 100 1# - MAIN ENTRY--PERSONAL NAME | |
| Personal name | Manchester, Alden Coe, |
| Dates associated with a name | 1922- |
| 245 14 - TITLE STATEMENT | |
| Title | The structure of fluid milk markets; |
| Remainder of title | two decades of change |
| Statement of responsibility, etc. | [by Alden C. Manchester. |
| 260 ## - PUBLICATION, DISTRIBUTION, ETC. | |
| Place of publication, distribution, etc. | Washington] |
| Name of publisher, distributor, etc. | U.S. Dept. of Agriculture, Economic Research Service |
| Date of publication, distribution, etc. | [1968] |
| 300 ## - PHYSICAL DESCRIPTION | |
| Extent | iv, 51 p. |
| Other physical details | illus. |
| Dimensions | 26 cm. |
| 440 #0 - SERIES STATEMENT/ADDED ENTRY--TITLE | |
| Title | Agricultural economic report |
| Volume/sequential designation | no. 137 |
| 500 ## - GENERAL NOTE | |
| General note | Updates and extends the author's Nature of competition in fluid milk markets; market organization and concentration, issued as U.S. Dept. of Agriculture, Agricultural economic report no. 67, and Organization and competition in the dairy industry, by L. E. Juers, issued as National Commission on Food Marketing, Technical study no. 3. |
| 504 ## - BIBLIOGRAPHY, ETC. NOTE | |
| Bibliography, etc. note | Bibliographical footnotes. |
| 650 #0 - SUBJECT ADDED ENTRY--TOPICAL TERM | |
| Topical term or geographic name entry element | Milk trade |
| Geographic subdivision | United States. |
| 650 #3 - SUBJECT ADDED ENTRY--TOPICAL TERM | |
| Topical term or geographic name entry element | Milk |
| General subdivision | Marketing. |
| 700 1# - ADDED ENTRY--PERSONAL NAME | |
| Personal name | Manchester, Alden Coe, |
| Dates associated with a name | 1922- |
| Title of a work | Nature of competition in fluid milk markets; market organization and concentration. |
| 700 1# - ADDED ENTRY--PERSONAL NAME | |
| Personal name | Juers, Linley E. |
| Title of a work | Organization and competition in the dairy industry. |
No items available.